Database management systems / (Record no. 102006)

MARC details
000 -LEADER
fixed length control field 01087nam a22002657a 4500
005 - DATE AND TIME OF LATEST TRANSACTION
control field 20170608163435.0
010 ## - LCCN (DPL NO)
LC control number 1617EN ENG-118586
020 ## - INTERNATIONAL STANDARD BOOK NUMBER
International Standard Book Number 9789339213114
Terms of availability 795.00
020 ## - INTERNATIONAL STANDARD BOOK NUMBER
International Standard Book Number 9789339213114
Terms of availability 799.00
035 ## - SYSTEM CONTROL NUMBER
System control number B-651739-750
035 ## - SYSTEM CONTROL NUMBER
System control number EN-102118
037 ## - SOURCE OF ACQUISITION
Source of stock number/acquisition Pragati
Stock number dpl
037 ## - SOURCE OF ACQUISITION
Source of stock number/acquisition DBAD/PUB
082 ## - DEWEY DECIMAL CLASSIFICATION NUMBER
Classification number 005.74
100 ## - MAIN ENTRY--PERSONAL NAME
Personal name Ramakrishnan, Raghu
245 ## - TITLE STATEMENT
Title Database management systems /
Statement of responsibility, etc by Raghu Ramakrishnan [and] Johannes Gehrke
250 ## - EDITION STATEMENT
Edition statement 3rd ed
260 ## - PUBLICATION, DISTRIBUTION, ETC. (IMPRINT)
Place of publication, distribution, etc New Delhi
Name of publisher, distributor, etc McGraw Hill Education
Date of publication, distribution, etc 2016
270 ## - ADDRESS
Address P-24,Green Park Extention
City New Delhi
Postal code 110016
300 ## - PHYSICAL DESCRIPTION
Extent xxxii,1065p.
Dimensions 24cm(pbk)
500 ## - GENERAL NOTE
General note Includes index
942 ## - ADDED ENTRY ELEMENTS (KOHA)
Source of classification or shelving scheme Dewey Decimal Classification
Item type English Books
Call number suffix RAM
Classification part 005.74
Holdings
Withdrawn status Lost status Not for loan Collection code Home library Current library Date acquired Source of acquisition Cost, normal purchase price Full call number Barcode Copy number Cost, replacement price Koha item type
      Non-fiction Ashok Vihar Ashok Vihar 03/05/2017 BPPD/EN/2016-17/AV/2016-17/466/15.2.2017/566/28.2.2017/ 10.3.2017 799.00 005.74 RAM B-666202 1 799.00 English Books
      Non-fiction Bawana Bawana 09/02/2017 BPPD/EN/2016-17/300/24.11.2016/IN339/02.12.2016/4.01.17 795.00 005.74 RAM B-651747 1 795.00 English Books
      Non-fiction Bawana Bawana 09/02/2017 BPPD/EN/2016-17/300/24.11.2016/IN339/02.12.2016/4.01.17 795.00 005.74 RAM B-651749 1 795.00 English Books
      Non-fiction Central Jail Tihar Central Jail Tihar 09/02/2017 BPPD/EN/2016-17/300/24.11.2016/IN339/02.12.2016/4.01.17 795.00 005.74 RAM B-651744 1 795.00 English Books
      Non-fiction Central Library Central Library 09/02/2017 BPPD/EN/2016-17/300/24.11.2016/IN339/02.12.2016/4.01.17 795.00 005.74 RAM B-651739 1 795.00 English Books
    Not For Loan Non-fiction D.B.Act.Division D.B.Act.Division 08/06/2017 DBAD/PUB 795.00 005.74 RAM EN-102118 1 795.00 English Books
      Non-fiction Diz Area Diz Area 09/02/2017 BPPD/EN/2016-17/300/24.11.2016/IN339/02.12.2016/4.01.17 795.00 005.74 RAM B-651745 1 795.00 English Books
      Non-fiction Janak Puri Janak Puri 09/02/2017 BPPD/EN/2016-17/300/24.11.2016/IN339/02.12.2016/4.01.17 795.00 005.74 RAM B-651746 1 795.00 English Books
      Non-fiction Kasturba Gandhi Marg Kasturba Gandhi Marg 09/02/2017 BPPD/EN/2016-17/300/24.11.2016/IN339/02.12.2016/4.01.17 795.00 005.74 RAM B-651741 1 795.00 English Books
      Non-fiction Narela Narela 09/02/2017 BPPD/EN/2016-17/300/24.11.2016/IN339/02.12.2016/4.01.17 795.00 005.74 RAM B-651748 1 795.00 English Books
      Non-fiction Patel Nagar Patel Nagar 09/02/2017 BPPD/EN/2016-17/300/24.11.2016/IN339/02.12.2016/4.01.17 795.00 005.74 RAM B-651740 1 795.00 English Books
      Non-fiction Peshwa Road Peshwa Road 09/02/2017 BPPD/EN/2016-17/300/24.11.2016/IN339/02.12.2016/4.01.17 795.00 005.74 RAM B-651742 1 795.00 English Books
      Non-fiction Shahdara Branch Shahdara Branch 09/02/2017 BPPD/EN/2016-17/300/24.11.2016/IN339/02.12.2016/4.01.17 795.00 005.74 RAM B-651750 1 795.00 English Books
      Non-fiction Tri Nagar Tri Nagar 09/02/2017 BPPD/EN/2016-17/300/24.11.2016/IN339/02.12.2016/4.01.17 795.00 005.74 RAM B-651743 1 795.00 English Books

© Delhi Public Library
Hit Counter
free hit counter